Responsabilidad extracontractual
Guardat en:
| Autor principal: | |
|---|---|
| Format: | Llibre |
| Idioma: | espanyol |
| Publicat: |
Santiago
Jurídica de Chile
1999
|
| Matèries: | |
| Etiquetes: |
Afegir etiqueta
Sense etiquetes, Sigues el primer a etiquetar aquest registre!
|
MARC
| LEADER | 00000nam a2200000 a 4500 | ||
|---|---|---|---|
| 001 | UCP6968 | ||
| 003 | CL-VaPUC | ||
| 008 | 991126e19990000CL |||||||||||||||||spa|d | ||
| 020 | |a 9561012731 | ||
| 082 | 0 | 4 | |a 346.8302 |b ROD |2 21 |
| 100 | 0 | |a Rodríguez Grez, Pablo |e author |9 436311 | |
| 245 | 1 | 0 | |a Responsabilidad extracontractual |
| 300 | |a 505 p | ||
| 942 | |c BK | ||
| 945 | |d 19991126 00:00:00 |a vberengu | ||
| 260 | |a Santiago |b Jurídica de Chile |c 1999 | ||
| 650 | 0 | |a Actos ilícitos |9 258712 | |
| 650 | 0 | |a Daño |9 383182 | |
| 650 | 7 | |a DAÑO EXTRACONTRACTUAL |2 CL-VaPUC |9 436312 | |
| 650 | 7 | |a DOLO |2 CL-VaPUC |9 436313 | |
| 650 | 0 | |a Responsabilidad |9 308399 | |
| 650 | 0 | |a Responsabilidad extracontractual |9 336742 | |
| 583 | |a last modification |c 19991126 00:00:00 |k Rodrigo Vera | ||
| 999 | |c 284341 |d 284339 | ||
| 952 | |0 0 |1 0 |4 0 |6 346_830200000000000_ROD_1999 |7 0 |8 A |9 328238 |a BIBDER |b BIBDER |d 2019-11-20 |i 3583805 |l 1 |o 346.8302 ROD 1999 |p 3583805 |r 2023-11-16 |s 2023-11-06 |w 2019-11-20 |y BK |k DER | ||
| 952 | |0 0 |1 0 |4 0 |6 346_830200000000000_ROD_1999 |7 0 |8 A |9 328239 |a BIBDER |b BIBDER |d 2019-11-20 |i 3837750 |l 2 |o 346.8302 ROD 1999 |p 3837750 |r 2023-08-07 |s 2023-08-07 |w 2019-11-20 |y BK |k DER | ||
| 952 | |0 0 |1 0 |4 0 |6 346_830200000000000_ROD_1999 |7 0 |8 A |9 328240 |a BIBDER |b BIBDER |d 2019-11-20 |i 4074246 |l 3 |o 346.8302 ROD 1999 |p 4074246 |r 2024-08-12 |s 2024-08-12 |w 2019-11-20 |y BK |k DER | ||
| 952 | |0 0 |1 0 |4 0 |6 346_830200000000000_ROD_1999 |7 0 |8 A |9 328241 |a BIBDER |b BIBDER |d 2019-11-20 |i 4197518 |l 2 |m 4 |o 346.8302 ROD 1999 |p 4197518 |q 2025-12-31 |r 2020-03-20 |s 2020-03-20 |w 2019-11-20 |y BK |k DER | ||